Wenn der Wald stirbt. (Record no. 5541)

MARC details
000 -LEADER
fixed length control field 00696cam a22002051 4500
001 - CONTROL NUMBER
control field af 48003365
003 - CONTROL NUMBER IDENTIFIER
control field DLC
005 - DATE AND TIME OF LATEST TRANSACTION
control field 20260227110901.0
008 - FIXED-LENGTH DATA ELEMENTS--GENERAL INFORMATION
fixed length control field 890406s1941 gw b 000 1 ger c
010 ## - LIBRARY OF CONGRESS CONTROL NUMBER
LC control number af 48003365
035 ## - SYSTEM CONTROL NUMBER
System control number (OCoLC)19503155
040 ## - CATALOGING SOURCE
Original cataloging agency California. Univ. Libr.
Transcribing agency CU
Modifying agency DLC
042 ## - AUTHENTICATION CODE
Authentication code premarc
050 00 - LIBRARY OF CONGRESS CALL NUMBER
Classification number PT2617.E597
Item number W44
100 1# - MAIN ENTRY--PERSONAL NAME
Personal name Henrich, Josef,
Dates associated with a name 1879-
245 10 - TITLE STATEMENT
Title Wenn der Wald stirbt.
Remainder of title Roman aus dem Hochkrumbach, einer kleinen, 1705m hoch gelegenen, aufgelassenen Gemeinde an der Wasserscheide zwischen Donau und Rhein in den Vorarlberger Alpen.
250 ## - EDITION STATEMENT
Edition statement 2. Aufl.
260 ## - PUBLICATION, DISTRIBUTION, ETC.
Place of publication, distribution, etc. München,
Name of publisher, distributor, etc. F.C. Mayer,
Date of publication, distribution, etc. 1941.
300 ## - PHYSICAL DESCRIPTION
Extent 245 p.
Other physical details fold. map.
Dimensions 21 cm.

No items available.

Powered by Koha